000
00327nam a2200133Ia 4500
005
20251222144711.0
008
251222s9999||||xx |||||||||||||| ||spa||
020
_a
9972-234-02-9
082
_a
344.01/O26A
100
_a
Obregón Sevillano, Tulio M.
245
0
_a
Manual Laboral
264
_b
Instituto Pacífico
942
_c
LIB
999
_c
17829
_d
17829